000 02531cam a2200313 4500500
005 20260322012201.0
041 _afre
042 _adc
100 1 0 _aFranck, Laurence
_eauthor
245 0 0 _aLa sophistication cognitive par le raisonnement minimalement corrélé en intelligence économique. Le cas de COMAC dans l’industrie aéronautique
260 _c2026.
500 _a91
520 _aCet article examine l’utilisation du raisonnement minimalement corrélé (loosely coupled reasoning) pour renforcer la sophistication cognitive des acteurs de l’intelligence économique. À partir du cas de COMAC et d’une question simple : Pourquoi la Chine s’est-elle lancée dans la fabrication d’avions commerciaux ? nous proposons différentes interprétations des informations recueillies en nous appuyant à la fois sur les techniques d’analyses structurées et sur l’élaboration de récits issus d’un raisonnement plus libre. Cette approche mixte qui allie des méthodes structurées et le recours à des idées atypiques permet de diversifier les perspectives d’analyse et les interprétations possibles des données du cas de COMAC.
520 _aThis article examines the value of loosely coupled reasoning in enhancing the cognitive sophistication of actors in economic intelligence. Using the case of COMAC and a simple question: Why did China decide to engage in manufacturing commercial aircrafts? we propose various interpretations of the collected data by combining structured analytic techniques with more flexible reasoning so to produce parallel story telling enabled by looser thinking. This mixed approach opens new avenues for developing a working framework composed of multiple scenarios that blend methods with unconventional ideas so to allow produce diversified analytical perspectives and interpretations of the data collected on COMAC.
690 _aaviation chinoise
690 _abiais
690 _aComac
690 _aintelligence économique
690 _araisonnement minimalement corrélé
690 _asophistication cognitive
690 _aaviation in China
690 _abias
690 _acognitive sophistication
690 _aComac
690 _aeconomic intelligence
690 _aloose coupling
786 0 _nRevue internationale d'intelligence économique | 17 | 1 | 2026-02-04 | p. 123-148 | 2101-647X
856 4 1 _uhttps://shs.cairn.info/revue-revue-internationale-dintelligence-economique-2025-1-page-123?lang=fr&redirect-ssocas=7080
999 _c1770731
_d1770731